Dirigeants Chinois - Statistiques

Statistiques générales
  • Ce quiz a été pris 71 fois
  • Le résultat moyen est 5 sur 11
Statistiques - réponses
Hint Réponse % Correct
1949 - 1954 Mao Zedong
91%
2023 - Xi Jinping
83%
2018 - 2023 Xi Jinping
83%
2013 - 2018 Xi Jinping
83%
2008 - 2013 Hu Jintao
44%
2003 - 2008 Hu Jintao
44%
1998 - 2003 Jiang Zemin
31%
1993 - 1998 Jiang Zemin
31%
1959 - 1968 Liu Shaoqi
17%
1983 - 1988 Li Xiannian
6%
1988 - 1993 Yang Shangkun
6%
Aucun quiz correspondant
Distribution des résultats
% des personnes avec chaque résultat
Percentile par nombre de réponses
Votre historique - résultats
Vous n’avez pas pris ce quiz